Judith (Record no. 170566)

MARC details
000 -LEADER
campo de control de longitud fija 00727nam a22001815i 4500
001 - NÚMERO DE CONTROL
campo de control 170566
003 - IDENTIFICADOR DE NÚMERO DE CONTROL
campo de control ES-MaACL
005 - FECHA Y HORA DE LA ÚLTIMA TRANSACCIÓN
campo de control 20250701063200.0
008 - DATOS DE LONGITUD FIJA--INFORMACIÓN GENERAL
campo de control de longitud fija 090317s1922 fr |||| | fre d
080 ## - NÚMERO DE LA CLASIFICACIÓN DECIMAL UNIVERSAL
Número de la Clasificación Decimal Universal 821.133.1-2"19"
100 1# - ENTRADA PRINCIPAL--NOMBRE DE PERSONA
Nombre de persona Bernstein, Henry,
Fechas asociadas al nombre 1876-1953
9 (RLIN) 28358
245 10 - MENCIÓN DEL TÍTULO
Título Judith
Resto del título : comedie dramatique en trois actes et cinq tableaux /
Mención de responsabilidad, etc. Henry Bernstein.
260 ## - PUBLICACIÓN, DISTRIBUCIÓN, ETC.
Lugar de publicación, distribución, etc. [Paris :
Nombre del editor, distribuidor, etc. L'Illustration,
Fecha de publicación, distribución, etc. 1922]
300 ## - DESCRIPCIÓN FÍSICA
Extensión 34 p., [1] h. de lám. ;
Dimensiones 30 cm.
500 ## - NOTA GENERAL
Nota general Publicado en: La Petite Illustration : revue hebdomaire, nº 124, 9 décembre 1922, Théatre, nouvelle série, nº 81.
852 ## - LOCALIZACIÓN
Ubicación ES-MaACL
Número de control de estantería 2278-F-10
itemnumber R.141182
Nota libre .- Biblioteca Jacinto Martínez Lacalle
Holdings
Estatus retirado Estado de pérdida Estado de daño No para préstamo Colección Biblioteca de origen Biblioteca actual Ubicación en estantería Fecha de adquisición Fuente de adquisición Total de préstamos Signatura topográfica completa Código de barras Visto por última vez Precio de reemplazo Tipo de ítem Koha
        Colección de folletos Biblioteca del Ateneo de Madrid Biblioteca del Ateneo de Madrid Depósito folletos 17/03/2009     2278-F-10 1178998 23/02/2023 23/02/2023 Folleto